Greatest Anime Ever - Statistics

General Stats
  • This quiz has been taken 1,465 times
  • The average score is 6 of 15
Answer Stats
Answer % Correct
1 Naruto Shippuden
92%
8 Bleach
82%
6 One Piece
82%
2 Dragonball Z
66%
7 Death Note
62%
4 Fullmetal Alchemist Brotherhood
52%
9 Code Geass
34%
11 Inuyasha
23%
10 Trigun
16%
3 Hellsing
11%
5 Durarara!!
9%
13 Akira
7%
15 Elfen Lied
7%
14 Monster
7%
12 Eureka Seven
1%
No matching quizzes found
Score Distribution
Percent of People with Each Score
Percentile by Number Answered
Your Score History
You have not taken this quiz